| 000 | 00775nam a22002297a 4500 | ||
|---|---|---|---|
| 999 |
_c6185 _d6185 |
||
| 003 | AR-CdUCM | ||
| 008 | 190313b ||||| |||| 00| 0 spa d | ||
| 020 | _a968-6052-77-1 | ||
| 040 |
_aMUNICIPALIDAD PROVINCIAL DEL CUSCO _cBIBLIOTECA MUNICIPAL DEL CUSCO |
||
| 082 |
_a759.972 / _bT51 |
||
| 100 |
_aTibol, Raquel _917864 |
||
| 245 |
_aFrida Kahlo : _buna vida abierta / |
||
| 260 |
_aMéxico, D.F : _bOASIS, _c1983. |
||
| 300 |
_a153 paginas ; _bIlustraciones, _c21 cm. |
||
| 440 |
_aBiblioteca de las decisiones _n6 _917865 |
||
| 505 | _aAproximaciones -- Frida por Frida -- De su tiempo estético -- La casa, las cosas -- Maestra de jóvenes ... | ||
| 650 |
_aPintoras _917866 |
||
| 650 |
_aSiglo XX. _98 |
||
| 650 |
_aMéxico _918 |
||
| 942 |
_2ddc _cLIBROS |
||
| 945 | _aacv | ||